| 000 | 00797nam a22002177a 4500 | ||
|---|---|---|---|
| 999 |
_c8705 _d8705 |
||
| 003 | AR-CdUCM | ||
| 008 | 190325b ||||| |||| 00| 0 spa d | ||
| 040 |
_aMUNICIPALIDAD PROVINCIAL DEL CUSCO _cBIBLIOTECA MUNICIPAL DEL CUSCO |
||
| 082 |
_a027.8 / _bE46 |
||
| 100 |
_aEllsworth, Ralph E _924311 |
||
| 245 | _aLa biblioteca escolar / | ||
| 260 |
_aBuenos Aires : _bEds. Troquel, _c1971. |
||
| 300 |
_a152 páginas ; _c21 cm. |
||
| 505 | _aContenido : Antecedentes -- Factores negativos -- Terminología de la comunicación -- El concepto de biblioteca escolar -- Índole de la biblioteca escolar y sus elementos ... | ||
| 650 |
_aBiblioteca _923907 |
||
| 650 |
_aBibliotecología _918755 |
||
| 650 |
_aEscolar _94628 |
||
| 700 |
_aAndrés Pirk _924312 |
||
| 942 |
_2ddc _cLIBROS |
||
| 945 | _admma | ||